[Event "Europe Echecs Blitz Sept op"]
[Site "Europe Echecs INT"]
[Date "2021.09.19"]
[Round "5"]
[White "Delalee, Paul"]
[Black "Dauletova, Gulmira"]
[Result "0-1"]
[WhiteElo "2076"]
[BlackElo "2257"]
[PlyCount "198"]
[EventDate "2021.09.19"]
[EventType "swiss (blitz)"]
[EventRounds "11"]
[EventCountry "FRA"]
[SourceTitle "CBM 204 Extra"]
[Source "ChessBase"]
[SourceDate "2021.11.30"]
[SourceVersion "1"]
[SourceVersionDate "2021.11.30"]
[SourceQuality "1"]

1. Nf3 d5 2. g3 Nf6 3. Bg2 e6 4. 0-0 Be7 5. b3 0-0 6. Bb2 b6 7. c4 Bb7 8. d4 Nbd7 9. Ne5 c5 10. cxd5 exd5 11. dxc5 bxc5 12. Nxd7 Qxd7 13. e3 Rfd8 14. Nd2 Rac8 15. Rc1 h6 16. Nf3 Qf5 17. Qc2 Ne4 18. Rfd1 Qh5 19. Nd2 Ng5 20. h4 Ne6 21. Bf3 Qg6 22. Qxg6 fxg6 23. Nb1 Rd7 24. Nc3 Rcd8 25. Ne2 Kf7 26. a3 Ba8 27. h5 gxh5 28. Bxh5+ g6 29. Bg4 h5 30. Bxe6+ Kxe6 31. Nf4+ Kf7 32. Rd2 d4 33. exd4 cxd4 34. Rcd1 Bf3 35. Re1 Bf6 36. Nd3 Re7 37. Rxe7+ Kxe7 38. Nf4 Kf7 39. Nd3 Bd5 40. b4 Bf3 41. Nc5 g5 42. Nb3 d3 43. Bxf6 Kxf6 44. Nc5 Be2 45. Kg2 g4 46. Ne4+ Ke5 47. Nc3 Bf3+ 48. Kf1 Rd7 49. Nd1 Kd4 50. Ne3 Kc3 51. Ke1 Rd8 52. b5 Rd7 53. a4 Kb4 54. Ra2 Kb3 55. Rd2 Kxa4 56. Nf5 Kxb5 57. Rb2+ Kc4 58. Kd2 Be4 59. Ne3+ Kd4 60. Rb4+ Ke5 61. Rb5+ Kf6 62. Rxh5 Kg6 63. Ra5 Bf3 64. Ra6+ Kg5 65. Ra5+ Kg6 66. Ra6+ Kf7 67. Nc4 Ke7 68. Ne5 Rb7 69. Nxd3 Rd7 70. Ke3 Bg2 71. Ne5 Rc7 72. Nxg4 Ba8 73. Ne5 Bd5 74. f4 Bg2 75. Ra3 Rb7 76. g4 Kf6 77. g5+ Kf5 78. Nd3 Re7+ 79. Kf2 Be4 80. Ra5+ Kg4 81. Ne5+ Kxf4 82. Ng6+ Bxg6 83. Ra4+ Kxg5 84. Ra6 Bf5 85. Kf3 Rb7 86. Ke3 Rb3+ 87. Kd4 Rb7 88. Kc5 Kf4 89. Kc6 Be4+ 90. Kc5 Rc7+ 91. Kd6 Rh7 92. Kc5 Ke5 93. Kb4 Kd4 94. Rd6+ Bd5 95. Ra6 Rb7+ 96. Ka3 Kc3 97. Ka4 Bc4 98. Rc6 a6 99. Ka3 Rb1 0-1

[Event "Europe Echecs Blitz Sept op"]
[Site "Europe Echecs INT"]
[Date "2021.09.19"]
[Round "2"]
[White "Delalee, Paul"]
[Black "Jannur, Kupjasar"]
[Result "1-0"]
[WhiteElo "2076"]
[BlackElo "1517"]
[PlyCount "107"]
[EventDate "2021.09.19"]
[EventType "swiss (blitz)"]
[EventRounds "11"]
[EventCountry "FRA"]
[SourceTitle "CBM 204 Extra"]
[Source "ChessBase"]
[SourceDate "2021.11.30"]
[SourceVersion "1"]
[SourceVersionDate "2021.11.30"]
[SourceQuality "1"]

1. Nf3 d5 2. g3 Nf6 3. Bg2 e6 4. 0-0 Be7 5. b3 c5 6. Bb2 Nc6 7. d4 cxd4 8. Nxd4 Qc7 9. c4 0-0 10. Nd2 Rd8 11. cxd5 Nxd4 12. Bxd4 Nxd5 13. Qc1 Qd7 14. Nf3 f6 15. Rd1 Qe8 16. e4 Nb4 17. e5 Bd7 18. exf6 Bxf6 19. Bxf6 gxf6 20. Qf4 Qf8 21. Rac1 Nd5 22. Qh4 Bc6 23. Nd4 Rd6 24. Bh3 f5 25. Re1 Re8 26. Nxc6 bxc6 27. Qg5+ Qg7 28. Qxg7+ Kxg7 29. f4 Nb4 30. Bxf5 Nxa2 31. Ra1 Rd2 32. Rxe6 Rxe6 33. Bxe6 Kf6 34. Bc4 a5 35. Re1 Rd6 36. g4 Nc3 37. Re5 Nd5 38. g5+ Kg7 39. Bxd5 cxd5 40. Kf2 h6 41. h4 hxg5 42. hxg5 Kf7 43. Ke3 Rb6 44. Rxd5 Rxb3+ 45. Ke4 Rb4+ 46. Kf5 a4 47. Ra5 Rc4 48. Ra7+ Kf8 49. g6 Rb4 50. Kg5 Rc4 51. f5 Kg8 52. f6 a3 53. Ra8+ Rc8 54. Rxc8# 1-0

[Event "FRA-chT2 0910"]
[Site "France"]
[Date "2009.10.17"]
[Round "2.6"]
[White "Cassem Chenai, Eric"]
[Black "Delalee, Paul"]
[Result "1-0"]
[WhiteElo "2112"]
[BlackElo "1934"]
[PlyCount "72"]
[EventDate "2009.09.27"]
[EventType "team-tourn"]
[EventRounds "11"]
[EventCountry "FRA"]
[SourceTitle "EXT 2011"]
[Source "ChessBase"]
[SourceDate "2010.11.26"]
[SourceVersion "1"]
[SourceVersionDate "2010.11.26"]
[SourceQuality "1"]

1. d4 Nf6 2. Nf3 g6 3. Bf4 Bg7 4. e3 d6 5. Be2 0-0 6. h3 c5 7. 0-0 b6 8. c3 Bb7 9. Nbd2 Nbd7 10. Bh2 Qc7 11. Re1 Rac8 12. Bd3 Rfe8 13. e4 cxd4 14. cxd4 e5 15. d5 Nc5 16. Bb5 Rf8 17. Rc1 a6 18. Bf1 Qe7 19. b4 Ncd7 20. Nc4 Bh6 21. Nfd2 Nh5 22. Be2 Ng7 23. f4 f5 24. Bf3 Qf6 25. exf5 gxf5 26. fxe5 dxe5 27. Nxe5 Nxe5 28. Bxe5 Qg5 29. Nb3 Qh4 30. Rxc8 Rxc8 31. Re2 Qxb4 32. Qd3 Rf8 33. Nd4 Rd8 34. Nxf5 Nxf5 35. Qxf5 Bxd5 36. Bxd5+ Rxd5 1-0

[Event "FRA-ch U16"]
[Site "Aix les Bains"]
[Date "2009.04.22"]
[Round "5"]
[White "Dionisi, Thomas"]
[Black "Delalee, Paul"]
[Result "1/2-1/2"]
[WhiteElo "2129"]
[BlackElo "1939"]
[PlyCount "100"]
[EventDate "2009.04.19"]
[EventType "swiss"]
[EventRounds "9"]
[EventCountry "FRA"]
[SourceTitle "CBM 130 Extra"]
[Source "ChessBase"]
[SourceDate "2009.07.02"]
[SourceVersion "2"]
[SourceVersionDate "2009.07.15"]
[SourceQuality "1"]

1. e4 c5 2. Nf3 d6 3. Bb5+ Bd7 4. Bxd7+ Qxd7 5. 0-0 Nf6 6. Re1 e6 7. c4 Nc6 8. d4 cxd4 9. Nxd4 Be7 10. Nc3 0-0 11. b3 Rfd8 12. Bb2 Rac8 13. Qd3 Qc7 14. Rad1 a6 15. Kh1 Ne5 16. Qh3 Ng6 17. Qg3 Qc5 18. f4 Nh5 19. Qf3 Nhxf4 20. g3 Nh3 21. Qg2 Qh5 22. Nde2 Ne5 23. Nf4 Nxf4 24. gxf4 Ng6 25. Rg1 Bf6 26. f5 Nh4 27. Qf2 Qf3+ 28. Qxf3 Nxf3 29. Rg3 Ne5 30. Rf1 Kf8 31. Ne2 Ke7 32. Nf4 b5 33. Nh5 Rg8 34. cxb5 axb5 35. Ba3 Nc6 36. Nxf6 gxf6 37. Rgf3 e5 38. Rd3 b4 39. Bc1 Rg4 40. Re1 Nd4 41. Bd2 Rc2 42. Bxb4 Rgg2 43. Rh3 Rcf2 44. Ree3 Nc2 45. Be1 Nxe1 46. Rxe1 Rxa2 47. Rxh7 Rge2 48. Rxe2 Rxe2 49. Rh4 Rb2 50. Rh3 Re2 1/2-1/2

[Event "FRA-chT2 West 0809"]
[Site "France"]
[Date "2009.02.08"]
[Round "7.7"]
[White "Delalee, Paul"]
[Black "Riviere, Xavier"]
[Result "1-0"]
[WhiteElo "1923"]
[BlackElo "1764"]
[PlyCount "59"]
[EventDate "2008.10.19"]
[EventType "team-tourn"]
[EventRounds "11"]
[EventCountry "FRA"]
[SourceTitle "EXT 2010"]
[Source "ChessBase"]
[SourceDate "2010.11.25"]
[SourceVersion "1"]
[SourceVersionDate "2010.11.25"]
[SourceQuality "1"]
[WhiteTeam "Quimper"]
[BlackTeam "Nantes II"]
[WhiteTeamCountry "FRA"]
[BlackTeamCountry "FRA"]

1. e4 Nf6 2. e5 Nd5 3. d4 d6 4. exd6 exd6 5. c4 Nb6 6. Nc3 Nc6 7. Be2 Be7 8. h3 Bf5 9. Be3 0-0 10. Nf3 Re8 11. 0-0 Nd7 12. Qb3 Rb8 13. d5 Na5 14. Qa4 b6 15. Nd4 Bg6 16. b4 c5 17. dxc6 Nc5 18. bxc5 dxc5 19. Nf3 Bf6 20. Nd5 Qd6 21. c7 Rbc8 22. Rad1 Qe6 23. Nf4 Qe4 24. Bd3 Qb7 25. Bxg6 hxg6 26. Nd5 Re4 27. Ng5 Rxc4 28. Nxf6+ gxf6 29. Rd8+ Kg7 30. Qe8 1-0

[Event "FRA-chT2 West 0809"]
[Site "France"]
[Date "2009.01.17"]
[Round "5.7"]
[White "Delalee, Paul"]
[Black "Betton, Olivier"]
[Result "0-1"]
[WhiteElo "1923"]
[BlackElo "2185"]
[PlyCount "116"]
[EventDate "2008.10.19"]
[EventType "team-tourn"]
[EventRounds "11"]
[EventCountry "FRA"]
[SourceTitle "EXT 2010"]
[Source "ChessBase"]
[SourceDate "2010.11.25"]
[SourceVersion "1"]
[SourceVersionDate "2010.11.25"]
[SourceQuality "1"]
[WhiteTeam "Quimper"]
[BlackTeam "Evry Grand Roque II"]
[WhiteTeamCountry "FRA"]
[BlackTeamCountry "FRA"]

1. e4 c6 2. c4 d5 3. cxd5 cxd5 4. exd5 Nf6 5. Nc3 g6 6. Qb3 Bg7 7. Be2 0-0 8. Bf3 Nbd7 9. d4 Nb6 10. h3 Bf5 11. a4 a5 12. Qb5 Qd6 13. Nge2 Qb4 14. 0-0 Bd7 15. Qd3 Nxa4 16. Nxa4 Bxa4 17. Bd2 Qb5 18. Qe3 Bb3 19. Nc3 Qd7 20. Rfe1 Rfe8 21. Ne4 Bxd5 22. Nc5 Qc6 23. Nd3 Bxf3 24. Ne5 Qd5 25. Nxf3 b6 26. Qf4 Qb7 27. Ne5 e6 28. Qh4 Red8 29. Bg5 h6 30. Bxf6 g5 31. Bxg5 hxg5 32. Qxg5 Rxd4 33. Ng4 Kf8 34. Rad1 Qd5 35. Qxd5 Rxd5 36. Rxd5 exd5 37. Ne5 b5 38. f4 Rc8 39. Ra1 a4 40. Rd1 Bxe5 41. fxe5 Rc2 42. Rxd5 Rxb2 43. Rd8+ Kg7 44. Ra8 Re2 45. Ra6 Rxe5 46. Kf2 Re4 47. g4 Rb4 48. g5 Rb3 49. h4 a3 50. h5 b4 51. Ra7 Rh3 52. g6 Rxh5 53. gxf7 Rf5+ 54. Ke3 Rxf7 55. Ra4 Rf1 56. Ke2 Rh1 57. Kd3 b3 58. Rg4+ Kh6 0-1

[Event "Fouesnant op 14th"]
[Site "Fouesnant"]
[Date "2008.10.28"]
[Round "4"]
[White "Vigneron, Frederic"]
[Black "Delalee, Paul"]
[Result "0-1"]
[WhiteElo "1979"]
[BlackElo "1904"]
[PlyCount "58"]
[EventDate "2008.10.25"]
[EventType "swiss"]
[EventRounds "9"]
[EventCountry "FRA"]
[SourceTitle "EXT 2009"]
[Source "ChessBase"]
[SourceDate "2008.11.26"]
[SourceVersion "1"]
[SourceVersionDate "2008.11.26"]
[SourceQuality "1"]

1. d4 Nf6 2. c4 e6 3. Nf3 b6 4. g3 Ba6 5. b3 Bb7 6. Bg2 Bb4+ 7. Bd2 a5 8. 0-0 0-0 9. Bc3 d5 10. Bb2 Be7 11. Ne5 Nbd7 12. Nxd7 Qxd7 13. Nd2 c5 14. Nf3 dxc4 15. Ne5 Qc7 16. dxc5 Bxg2 17. Kxg2 Qxc5 18. Nxc4 Rfd8 19. Qc1 b5 20. Ne3 Qh5 21. Rd1 Qxe2 22. Bc3 Ne4 23. Be1 Rac8 24. Rxd8+ Rxd8 25. Qc7 Bf6 26. Qxa5 Ng5 27. Rd1 Rxd1 28. Nxd1 Qxd1 29. Qxb5 Qd5+ 0-1

[Event "Fouesnant op 13th"]
[Site "Fouesnant"]
[Date "2007.10.28"]
[Round "3"]
[White "Lescop, Etienne"]
[Black "Delalee, Paul"]
[Result "1/2-1/2"]
[WhiteElo "1454"]
[BlackElo "1866"]
[PlyCount "75"]
[EventDate "2007.10.27"]
[EventType "swiss"]
[EventRounds "9"]
[EventCountry "FRA"]
[SourceTitle "EXT 2008"]
[Source "ChessBase"]
[SourceDate "2007.11.25"]
[SourceVersion "1"]
[SourceVersionDate "2007.11.25"]
[SourceQuality "1"]

1. e4 c5 2. Nc3 a6 3. g3 Nc6 4. Bg2 g6 5. Nge2 Bg7 6. d3 e6 7. Be3 d6 8. Qd2 Rb8 9. 0-0 Nge7 10. Nf4 b5 11. Rab1 0-0 12. Nce2 Bd7 13. Nh3 a5 14. f3 Qc7 15. Nf2 Nd4 16. Rfc1 d5 17. Nxd4 cxd4 18. Bh6 b4 19. Bxg7 Kxg7 20. f4 Rfc8 21. exd5 Nxd5 22. Bxd5 exd5 23. h3 Rb5 24. b3 Rc5 25. Rb2 Bb5 26. Ng4 Rc3 27. Nf2 Qc6 28. Kg2 Rc7 29. f5 Qd6 30. f6+ Qxf6 31. Ng4 Qd6 32. Qh6+ Kg8 33. Rf1 f5 34. Rxf5 Qe7 35. Nf6+ Kh8 36. Rf2 Rc8 37. Nxh7 Qxh7 38. Rf8+ 1/2-1/2

[Event "Bretagne-ch U14"]
[Site "Ploermel"]
[Date "2007.02.15"]
[Round "5"]
[White "Delalee, Paul"]
[Black "Mallet, Berenice"]
[Result "0-1"]
[WhiteElo "1870"]
[BlackElo "1730"]
[PlyCount "146"]
[EventDate "2007.02.13"]
[EventType "tourn"]
[EventRounds "6"]
[EventCountry "FRA"]
[SourceTitle "EXT 2008"]
[Source "ChessBase"]
[SourceDate "2007.11.25"]
[SourceVersion "1"]
[SourceVersionDate "2007.11.25"]
[SourceQuality "1"]

1. e4 e6 2. d4 d5 3. Nc3 Bb4 4. exd5 exd5 5. Bd3 Nf6 6. Nge2 0-0 7. 0-0 Nbd7 8. a3 Bd6 9. Nf4 c6 10. Nh5 Qc7 11. Kh1 Re8 12. Ng3 Nf8 13. Bg5 Ng4 14. Qf3 h6 15. Be3 Bxg3 16. hxg3 Bd7 17. Rfe1 h5 18. Rab1 Re6 19. Bg5 Rae8 20. Rxe6 Nxe6 21. Be3 Qd8 22. Bf5 Nxe3 23. fxe3 g6 24. Bd3 Ng7 25. Rf1 Qe7 26. b4 Bf5 27. Re1 Bg4 28. Qf2 Nf5 29. Bxf5 Bxf5 30. Na4 b6 31. Nb2 c5 32. c3 cxb4 33. cxb4 a5 34. Qd2 axb4 35. axb4 Qc7 36. Nd3 Qxg3 37. Nf4 Be4 38. Kg1 Rc8 39. Nd3 Rc3 40. Qf2 Qxf2+ 41. Nxf2 Bf5 42. e4 Bxe4 43. Nxe4 dxe4 44. Rxe4 Rc4 45. Re8+ Kg7 46. d5 Rxb4 47. d6 Rd4 48. Rd8 b5 49. Rb8 Rxd6 50. Rxb5 Kf6 51. Kf2 Re6 52. Kf3 Re5 53. Rb6+ Kg5 54. Rb4 f5 55. g3 Re4 56. Rb6 h4 57. gxh4+ Rxh4 58. Kg3 Rd4 59. Kf3 Kh5 60. Rf6 Kg5 61. Rb6 Rd3+ 62. Kf2 Kh5 63. Rf6 Rb3 64. Rf8 Ra3 65. Rf6 Ra5 66. Kf3 g5 67. Rf8 Ra3+ 68. Kf2 Kg4 69. Rb8 f4 70. Rb1 Ra2+ 71. Kg1 Kg3 72. Rf1 f3 73. Kh1 Rh2+ 0-1

[Event "Bretagne-ch U14"]
[Site "Ploermel"]
[Date "2007.02.15"]
[Round "4"]
[White "Guena, Clement"]
[Black "Delalee, Paul"]
[Result "1/2-1/2"]
[WhiteElo "1650"]
[BlackElo "1870"]
[PlyCount "79"]
[EventDate "2007.02.13"]
[EventType "tourn"]
[EventRounds "6"]
[EventCountry "FRA"]
[SourceTitle "EXT 2008"]
[Source "ChessBase"]
[SourceDate "2007.11.25"]
[SourceVersion "1"]
[SourceVersionDate "2007.11.25"]
[SourceQuality "1"]

1. e4 c5 2. Nc3 a6 3. a4 Nc6 4. g3 g6 5. Bg2 Bg7 6. Nge2 e6 7. f4 Nge7 8. d3 Rb8 9. Be3 Nd4 10. e5 Nef5 11. Bf2 d5 12. Nxd4 cxd4 13. Ne2 Ne3 14. Bxe3 dxe3 15. d4 0-0 16. 0-0 Qb6 17. Qd3 Bd7 18. Rfb1 Rfc8 19. c3 Qb3 20. Ra3 Qc4 21. Qxe3 b5 22. axb5 axb5 23. b3 Qc7 24. b4 Ra8 25. Rba1 Ra4 26. Rxa4 bxa4 27. Qd2 Bb5 28. Ra3 Qd7 29. Nc1 Rc7 30. Nd3 Bxd3 31. Qxd3 Rc4 32. Qd1 Qc8 33. Qxa4 Rxc3 34. Qa8 Bf8 35. Qxc8 Rxc8 36. Rb3 Rc4 37. b5 Rb4 38. Rxb4 Bxb4 39. Kf2 Ba5 40. Ke2 1/2-1/2

[Event "Bretagne-ch U14"]
[Site "Ploermel"]
[Date "2007.02.14"]
[Round "2"]
[White "Delalee, Paul"]
[Black "Delporte, Charles"]
[Result "1-0"]
[WhiteElo "1870"]
[BlackElo "1630"]
[PlyCount "43"]
[EventDate "2007.02.13"]
[EventType "tourn"]
[EventRounds "6"]
[EventCountry "FRA"]
[SourceTitle "EXT 2008"]
[Source "ChessBase"]
[SourceDate "2007.11.25"]
[SourceVersion "1"]
[SourceVersionDate "2007.11.25"]
[SourceQuality "1"]

1. d4 c6 2. c4 d5 3. Nf3 Bf5 4. Nc3 Nf6 5. e3 e6 6. Qb3 Qb6 7. c5 Qxb3 8. axb3 Na6 9. Bxa6 bxa6 10. Ne5 Nd7 11. Nxc6 Nb8 12. Nxb8 Rxb8 13. Rxa6 Ra8 14. Kd2 Be7 15. b4 0-0 16. b5 Rfd8 17. b4 f6 18. Bb2 e5 19. Rha1 Rd7 20. b6 h6 21. Rxa7 Rdxa7 22. Rxa7 1-0

[Event "Fouesnant op 12th"]
[Site "Fouesnant"]
[Date "2006.10.31"]
[Round "5"]
[White "Le Du, Michel"]
[Black "Delalee, Paul"]
[Result "1-0"]
[WhiteElo "1957"]
[BlackElo "1872"]
[PlyCount "57"]
[EventDate "2006.10.28"]
[EventType "swiss"]
[EventRounds "9"]
[EventCountry "FRA"]
[SourceTitle "EXT 2008"]
[Source "ChessBase"]
[SourceDate "2007.11.25"]
[SourceVersion "1"]
[SourceVersionDate "2007.11.25"]
[SourceQuality "1"]

1. Nf3 c5 2. g3 Nf6 3. Bg2 Nc6 4. d3 g6 5. c4 d6 6. Nc3 Bg7 7. Bd2 0-0 8. 0-0 Nd7 9. Rb1 f5 10. Ng5 Nf6 11. Nd5 e6 12. Nxf6+ Bxf6 13. h4 h6 14. Nf3 g5 15. hxg5 hxg5 16. Bc3 Be7 17. e3 g4 18. Nd2 Rf7 19. d4 Rb8 20. dxc5 dxc5 21. Nb3 Qf8 22. e4 Qh6 23. exf5 exf5 24. Re1 Be6 25. Qe2 Nd8 26. Rbd1 Bc8 27. Bd5 Bf8 28. Qe8 Qg5 29. Qe5 1-0

[Event "Bretagne-ch U14"]
[Site "Sarzeau"]
[Date "2006.02.23"]
[Round "4"]
[White "Agasse Lafont, Thomas"]
[Black "Delalee, Paul"]
[Result "0-1"]
[WhiteElo "1620"]
[BlackElo "1590"]
[PlyCount "100"]
[EventDate "2006.02.21"]
[EventType "swiss"]
[EventRounds "6"]
[EventCountry "FRA"]
[SourceTitle "EXT 2007"]
[Source "ChessBase"]
[SourceDate "2006.11.23"]
[SourceVersion "1"]
[SourceVersionDate "2006.11.23"]
[SourceQuality "1"]

1. e4 c5 2. Nf3 d6 3. Nc3 Nf6 4. Bc4 e6 5. d3 Nc6 6. Bg5 Be7 7. 0-0 a6 8. Re1 b5 9. Bb3 Qc7 10. a3 0-0 11. Ne2 Bb7 12. Nf4 Qd7 13. Bxf6 Bxf6 14. Rb1 Na5 15. c3 Nxb3 16. Qxb3 Rfe8 17. Nh5 Qd8 18. c4 Rb8 19. cxb5 axb5 20. e5 Bxf3 21. Nxf6+ gxf6 22. gxf3 fxe5 23. Kh1 Kh8 24. Rg1 Qh4 25. Rg2 Rg8 26. Rbg1 Rxg2 27. Rxg2 Qh3 28. Qd1 Qf5 29. Qe2 Rg8 30. Rg3 Qf4 31. Rxg8+ Kxg8 32. Qe4 Qxe4 33. fxe4 f5 34. exf5 exf5 35. b3 Kf7 36. Kg2 Ke6 37. Kf3 Kd5 38. Ke3 Kc6 39. f4 Kd5 40. h3 h6 41. h4 h5 42. Kf3 c4 43. dxc4+ bxc4 44. b4 c3 45. Ke2 Kc4 46. Kd1 e4 47. Kc2 e3 48. b5 e2 49. b6 e1Q 50. b7 Qd2+ 0-1

[Event "Bretagne-ch U14"]
[Site "Sarzeau"]
[Date "2006.02.23"]
[Round "5"]
[White "Rostam, Salim"]
[Black "Delalee, Paul"]
[Result "1/2-1/2"]
[WhiteElo "1520"]
[BlackElo "1590"]
[PlyCount "63"]
[EventDate "2006.02.21"]
[EventType "swiss"]
[EventRounds "6"]
[EventCountry "FRA"]
[SourceTitle "EXT 2007"]
[Source "ChessBase"]
[SourceDate "2006.11.23"]
[SourceVersion "1"]
[SourceVersionDate "2006.11.23"]
[SourceQuality "1"]

1. e4 c5 2. Nf3 d6 3. d4 cxd4 4. Nxd4 Nf6 5. Nc3 a6 6. Bg5 e6 7. f4 Qb6 8. Nb3 Qe3+ 9. Qe2 Qxe2+ 10. Bxe2 Nc6 11. Bxf6 gxf6 12. 0-0-0 Bh6 13. g3 Ke7 14. Kb1 Rd8 15. Rhf1 Rb8 16. Bh5 b5 17. h4 a5 18. a3 b4 19. axb4 Rxb4 20. f5 a4 21. Nc1 Bxc1 22. Kxc1 Ne5 23. Rf4 Rg8 24. g4 Rc4 25. Nb5 d5 26. Rd4 Rxd4 27. Nxd4 dxe4 28. Rxe4 Ba6 29. Rf4 Rc8 30. Kb1 Rc4 31. g5 exf5 32. Nxf5+ 1/2-1/2

[Event "Fouesnant op 11th"]
[Site "Fouesnant"]
[Date "2005.10.25"]
[Round "5"]
[White "Delalee, Paul"]
[Black "Rault, Antoine"]
[Result "1-0"]
[WhiteElo "1480"]
[BlackElo "1630"]
[PlyCount "67"]
[EventDate "2005.10.22"]
[EventType "swiss"]
[EventRounds "9"]
[EventCountry "FRA"]
[SourceTitle "EXT 2007"]
[Source "ChessBase"]
[SourceDate "2006.11.23"]
[SourceVersion "1"]
[SourceVersionDate "2006.11.23"]
[SourceQuality "1"]

1. d4 d5 2. c4 e6 3. Nc3 c5 4. e3 Nf6 5. Nf3 Nbd7 6. Bd3 b6 7. 0-0 Bb7 8. b3 Bd6 9. Re1 0-0 10. Bb2 e5 11. Nb5 Bb8 12. dxe5 Ng4 13. Nd6 Ngxe5 14. Nxb7 Nxf3+ 15. Qxf3 Qc7 16. Qh5 h6 17. cxd5 Qxb7 18. e4 Re8 19. Bb5 Re7 20. Bc6 Qc8 21. Bxa8 Be5 22. Bxe5 Rxe5 23. Qg4 Rg5 24. Qh3 Qc7 25. Bc6 Nf6 26. Rad1 Rh5 27. Qg3 Qc8 28. e5 Rg5 29. Qf3 Rf5 30. Qd3 Ng4 31. Bb7 Qd7 32. e6 fxe6 33. dxe6 Qc7 34. Qd8+ 1-0

[Event "Fouesnant op 11th"]
[Site "Fouesnant"]
[Date "2005.10.22"]
[Round "1"]
[White "Delalee, Paul"]
[Black "Hutois, Mickael"]
[Result "1-0"]
[WhiteElo "1480"]
[BlackElo "1931"]
[PlyCount "83"]
[EventDate "2005.10.22"]
[EventType "swiss"]
[EventRounds "9"]
[EventCountry "FRA"]
[SourceTitle "EXT 2007"]
[Source "ChessBase"]
[SourceDate "2006.11.23"]
[SourceVersion "1"]
[SourceVersionDate "2006.11.23"]
[SourceQuality "1"]

1. d4 d5 2. c4 c6 3. Nc3 Nf6 4. e3 e6 5. Nf3 Nbd7 6. Bd3 Bd6 7. 0-0 Qc7 8. Qc2 h6 9. Re1 dxc4 10. Bxc4 e5 11. Ne4 Nxe4 12. Qxe4 Nf6 13. Qc2 e4 14. Nd2 Bxh2+ 15. Kh1 Bf5 16. g3 Bxg3 17. fxg3 Qxg3 18. Re2 Ng4 19. Nf1 Qh3+ 20. Nh2 Qh5 21. Rg2 Qh4 22. Rxg4 Bxg4 23. Qxe4+ Kf8 24. Qxg4 Qe1+ 25. Qg1 Qxg1+ 26. Kxg1 h5 27. Nf3 b5 28. Bf1 f6 29. Nh4 Kf7 30. Bd2 g5 31. Nf3 Ke6 32. e4 Rad8 33. Bc3 g4 34. Nh4 b4 35. Bc4+ Kd7 36. Bxb4 Rhe8 37. Re1 Kc8 38. d5 cxd5 39. Bxd5 Re5 40. Bc3 Ree8 41. Bxf6 Rxd5 42. Rc1+ 1-0